000
00299nam a22001217a 4500
020
_a
0-471-57552-6
082
_a
621.317 MAS'A
100
_a
MASON, C. RUSSELL
_9
77846
245
_a
THE ART AND SCIENCE OF PROTECTIVE RELAYING
260
_a
NEWYORK
_b
JOHN WILEY
_c
1956
300
_a
410P
942
_c
BK
999
_c
583049
_d
583049